| 000 | 00567nam a2200217Ia 4500 | ||
|---|---|---|---|
| 005 | 20240424135819.0 | ||
| 008 | 131103s9999 xx 000 0 und d | ||
| 020 | _a0 675 20802 5 | ||
| 040 | _aLoreto College | ||
| 041 | _aEnglish | ||
| 082 |
_a371.3 _bBLA |
||
| 100 | _aBlair, Timothy R. | ||
| 245 |
_aEmerging Patterns of Teaching _cTimothy R. Blair |
||
| 250 | _a from methods to field experiences | ||
| 260 |
_aColumbus _bMerrill _c1988 |
||
| 300 | _axvii,163p. | ||
| 504 | _aIncludes index | ||
| 650 | _aEducation | ||
| 850 | _aLCBED | ||
| 942 | _cBK | ||
| 999 |
_c27504 _d77983 |
||